Project video 1 : activity book /

Guardado en:
Autor Principal: Hutchinson, Tom
Formato: Libro
Publicado: Estados Unidos de América : Oxford University, 1992
Materias:
Etiquetas: Agregar Etiqueta
Sin Etiquetas, Sea el primero en etiquetar este registro!
LEADER 00481nam a22001695a 4500
001 CEM.cems007392
005 20060214000000.0
008 130507s1992##################000#0#####d
003 CEMS
082 0 4 |a 428.64 
100 1 |a Hutchinson, Tom 
245 1 0 |a Project video 1 :  |b activity book / 
260 |a Estados Unidos de América :  |b Oxford University,  |c 1992 
300 |a 36 p. 
653 |a Ingles 
653 |a Ingles-textos 
859 |a CEMS  |b BIB. CEMS - 11 de abril  |h 428.64  |i H974-1/I  |p 64.99  |t Ej.1